Normal view
MARC view
- Robert Lawson
Entry Personal Name
001 - CONTROL NUMBER
- control field: 87085
003 - CONTROL NUMBER IDENTIFIER
- control field: OSt
005 - DATE AND TIME OF LATEST TRANSACTION
- control field: 20260114082026.0
008 - FIXED-LENGTH DATA ELEMENTS
- fixed length control field: 260114|| aca||aabn | a|a d
040 ## - CATALOGING SOURCE
- Original cataloging agency: OSt
- Transcribing agency: OSt
100 ## - HEADING--PERSONAL NAME
- Personal name: Robert Lawson
670 ## - SOURCE DATA FOUND
- Source citation: Work cat.: (OSt)50058: Gray, Elizabeth Janet. 75656, Adam of the road / , 1987.